000 00278nam a22001097a 4500
008 230620b xxu||||| |||| 00| 0 eng d
082 _a323.34
_bIPU 2000
245 _aWomen in Politics
_b1945-2000
260 _aGeneva
_bParliamentary Union
_c2000
300 _a35p
942 _2ddc
_cBK
999 _c1776
_d1776